Welcome to the Holygrace Academy Library

Please use search bar below to get started

AESOP'S FABLES:THE FOX AND THE LION (Record no. 5006)

MARC details
000 -LEADER
fixed length control field 00336nam a22001337a 4500
020 ## - INTERNATIONAL STANDARD BOOK NUMBER
ISBN 81-7301--700-X
082 ## - DEWEY DECIMAL CLASSIFICATION NUMBER
Classification number 823
Item number DRE/F
100 ## - MAIN ENTRY--AUTHOR NAME
Personal name DREAMLAND
245 ## - TITLE STATEMENT
Title AESOP'S FABLES:THE FOX AND THE LION
Remainder of title AESOP'S FABLES
260 ## - PUBLICATION, DISTRIBUTION, ETC. (IMPRINT)
Place of publication DELHI
Name of publisher DREAMLAND
520 ## - SUMMARY, ETC.
Summary, etc ENGLISH SHORT STORY
650 ## - SUBJECT ADDED ENTRY--TOPICAL TERM
Topical Term ENGLISH SHORT STORY
Geographic subdivision DELHI
942 ## - ADDED ENTRY ELEMENTS (KOHA)
Koha item type Books
Holdings
Withdrawn status Lost status Collection code Home library Current library Shelving location Date acquired Source of acquisition Cost, normal purchase price Full call number Accession Number Koha item type
    Fiction Main Library Main Library SHELF 3- I- ENGLISH CHILDRENS LITERATURE &MYTHOLOGY 17/05/2010 PURCHASE 45.00 823 DRE/F 05167 Books
    Fiction Main Library Main Library SHELF 3- J- ENGLISH CHILDRENS LITERATURE &MYTHOLOGY 29/05/2017 PURCHASE 10.00 823 DRE/F 08662 Books
    Fiction Main Library Main Library SHELF 3- J- ENGLISH CHILDRENS LITERATURE &MYTHOLOGY 25/04/2013 PURCHASE 10.00 823 DRE/F 06533 Books